Hai una buona memoria verbale? - Statistics

Statistiche generali
  • Questo quiz è stato fatto 247 volte
  • Il punteggio medio è 78 su 100
Statistiche sulle risposte
Hint Risposta % Corretto
Contare NUOVO
95%
Subsfactory NUOVO
95%
Urgente NUOVO
95%
Bugia NUOVO
94%
Gridare NUOVO
91%
Salta NUOVO
87%
Confronti NUOVO
86%
Contare VISTO
86%
Bugia VISTO
86%
Scoprire NUOVO
85%
Lavorando NUOVO
85%
Subsfactory VISTO
85%
Bugia VISTO
85%
Bugia VISTO
84%
Subsfactory VISTO
84%
Modo NUOVO
83%
Agio NUOVO
83%
Incantesimo NUOVO
83%
Atmosfera NUOVO
83%
Comodo VISTO
83%
Emergenza NUOVO
82%
Percorso NUOVO
82%
Scherzando VISTO
82%
Lavorando VISTO
82%
Subsfactory VISTO
82%
Fondo NUOVO
81%
Imbecille NUOVO
81%
Vittime NUOVO
81%
Vetro NUOVO
81%
Giornali NUOVO
81%
Essermi NUOVO
81%
Lascerò NUOVO
81%
Contare VISTO
81%
Lavorando VISTO
81%
Trappola VISTO
81%
Comodo NUOVO
80%
Membri NUOVO
80%
Poter NUOVO
80%
Trappola NUOVO
80%
Falla NUOVO
80%
Imbecille VISTO
80%
Scherzando VISTO
80%
Agio VISTO
80%
Emergenza VISTO
80%
Intera NUOVO
79%
Dicessi NUOVO
79%
Urgente VISTO
79%
Lavorando VISTO
79%
Scherzando VISTO
79%
Colore NUOVO
78%
Pulito NUOVO
78%
Faccenda NUOVO
78%
Dosso NUOVO
78%
Emergenza VISTO
78%
Fattoria VISTO
78%
Percorso VISTO
78%
Incantesimo VISTO
78%
Agio VISTO
78%
Fondo VISTO
78%
Illegale NUOVO
77%
Booth NUOVO
77%
Panico NUOVO
77%
Genitore NUOVO
77%
Gridare VISTO
77%
Modo VISTO
77%
Agio VISTO
77%
Soffrire VISTO
77%
Emergenza VISTO
77%
Asilo VISTO
77%
Panico VISTO
77%
Protetto NUOVO
76%
Amico NUOVO
76%
Buono VISTO
76%
Occupato VISTO
75%
Percorso VISTO
74%
Incantesimo VISTO
74%
Protetto VISTO
74%
Asilo NUOVO
73%
Falla VISTO
72%
Soffrire NUOVO
71%
Scherzando NUOVO
70%
Fattoria NUOVO
70%
Lavorando VISTO
70%
Colore VISTO
70%
Occupato NUOVO
69%
Buono NUOVO
69%
Fondo VISTO
69%
Dicessi VISTO
69%
Panico VISTO
69%
Membri VISTO
69%
Urgente VISTO
68%
Fronte NUOVO
67%
Cercano NUOVO
67%
Soffrire VISTO
67%
Trappola VISTO
66%
Riposo NUOVO
63%
Gridare VISTO
63%
Scoprire VISTO
61%
Corrente NUOVO
57%
Essermi VISTO
55%
Nessun quiz corrispondente trovato
Distribuzione punteggi
Percentuale di utenti per punteggio
Percentile per numero di risposta
I tuoi punteggi nel tempo
Non hai fatto questo quiz